Indian rock art of the Southwest /

Bibliographic Details
Main Author: Schaafsma, Polly
Format: Book
Language:English
Published: Albuquerque : University of New Mexico Press, [1980]
Edition:1st ed.
Series:Southwest Indian arts series.
Subjects:

MARC

Tag First Indicator Second Indicator Subfields
LEADER 00000cam a22000008i 4500
001 in00000047128
005 20151007065435.0
008 790531s1980 nmuaf b 00110 eng
010 |a  79009127  
020 |a 0826305245 :  |c $39.50 
035 |a (OCoLC)05101947 
035 |9 AAE1998AM 
040 |a DLC  |c DLC  |d TXA  |d UtOrBLW 
043 |a n-ust-- 
049 |a TXAM  |c [1497634] 
050 0 0 |a E78.S7  |b S28 
082 0 |a 709/.01/1 
100 1 |a Schaafsma, Polly. 
245 1 0 |a Indian rock art of the Southwest /  |c Polly Schaafsma. 
250 |a 1st ed. 
263 |a 8002 
264 1 |a Albuquerque :  |b University of New Mexico Press,  |c [1980] 
264 4 |c ©1980 
300 |a xii, 379 pages, 8 unnumbered leaves of plates :  |b illustrations (some color) ;  |c 27 cm. 
336 |a text  |b txt  |2 rdacontent 
337 |a unmediated  |b n  |2 rdamedia 
338 |a volume  |b nc  |2 rdacarrier 
490 1 |a Southwest Indian arts series 
500 |a Includes index. 
504 |a Bibliography: pages 347-365. 
650 0 |a Indian art  |z North America. 
650 0 |a Indians of North America  |z Southwest, New  |x Antiquities. 
650 0 |a Petroglyphs  |z Southwest, New. 
650 0 |a Rock paintings  |z Southwest, New. 
651 0 |a Southwest, New  |x Antiquities. 
830 0 |a Southwest Indian arts series. 
999 |a MARS 
999 f f |s ee968c63-0e18-3a7b-a1a0-133c75b2abfd  |i ea24fb87-fe30-388b-abdb-1ce70e22f037  |t 0 
952 f f |p ric  |a Texas A&M University  |b Rellis Campus  |c Joint Library Facility  |d Remote Storage  |t 0  |e E78.S7 S28  |h Library of Congress classification  |i unmediated -- volume  |m A14802130426 
998 f f |a E78.S7 S28  |t 0  |l Remote Storage